000
00217nam a22000857a 4500
999
_c
11026
_d
11026
008
180726b ||||| |||| 00| 0 eng d
100
_a
Quinn Jason
_9
6765
245
_a
The Little Alien
260
_a
New Delhi
_b
Campfire
_c
2016